[Event "60th ch-RUS Higher League"]
[Site "Krasnoyarsk RUS"]
[Date "2007.09.05"]
[Round "3"]
[White "Grachev,B"]
[Black "Romanov,E"]
[Result "1/2-1/2"]
[WhiteElo "2601"]
[BlackElo "2521"]
[EventDate "2007.09.03"]

1. d4 Nf6 2. Nf3 d5 3. c4 e6 4. Nc3 dxc4 5. Qa4+ Nbd7 6. g3 a6 7. Bg2 Rb8
8. Qxc4 b5 9. Qd3 Bb7 10. O-O c5 11. Rd1 cxd4 12. Nxd4 Bxg2 13. Kxg2 Qb6
14. Bg5 Bc5 15. Nb3 Be7 16. Bf4 Rc8 17. e4 b4 18. Ne2 O-O 19. Rac1 a5 20.
f3 a4 21. Nbd4 Bc5 22. Nb5 e5 23. Bg5 h6 24. Bxf6 Nxf6 25. Nd6 Bxd6 26.
Qxd6 Qxd6 27. Rxd6 Rxc1 28. Nxc1 Rc8 29. Nd3 Rc2+ 30. Kf1 a3 31. bxa3 bxa3
32. Ra6 Rxa2 33. Nxe5 Rxh2 34. Rxa3 Ne8 35. Ra8 Kf8 36. Ra7 f6 37. Ng6+ Kg8
38. f4 Rb2 39. f5 Rb4 40. Re7 Rb8 41. Rd7 Rb4 42. Re7 Rb8 43. Re6 Rd8 44.
Ke2 Nd6 45. Ke3 Nf7 46. Ne7+ Kf8 47. Ng6+ Kg8 48. Re7 Ng5 49. Kf4 Kh7 50.
Ke3 h5 51. Nf4 Kh6 52. Ne6 Nxe6 53. fxe6 g5 54. e5 Kg6 55. Rf7 fxe5 56. Ke4
Ra8 57. Rf1 Ra4+ 58. Kd5 Ra5+ 59. Kd6 Ra6+ 60. Kxe5 Ra5+ 61. Kd4 Ra4+ 62.
Kc5 Ra5+ 63. Kc6 Ra6+ 64. Kd5 1/2-1/2

[Event "60th ch-RUS Higher League"]
[Site "Krasnoyarsk RUS"]
[Date "2007.09.05"]
[Round "3"]
[White "Kiriakov,P"]
[Black "Yakovich,Yur"]
[Result "1/2-1/2"]
[WhiteElo "2541"]
[BlackElo "2597"]
[EventDate "2007.09.03"]

1. d4 d5 2. c4 e6 3. Nc3 c6 4. e3 Nf6 5. a3 Bd6 6. Bd3 O-O 7. Qc2 dxc4 8.
Bxc4 Nbd7 9. Nf3 a6 10. Bd2 c5 11. dxc5 Bxc5 12. Ba2 b6 13. b4 Be7 14. e4
Bb7 15. O-O a5 16. Qb1 axb4 17. axb4 Ne5 18. Rd1 Nxf3+ 19. gxf3 Qb8 20. Qb3
Qe5 21. Be3 Rfd8 22. Kg2 Bd6 23. Rh1 Rdc8 24. Rac1 Rc7 25. Bb1 Rac8 26. Ne2
Rxc1 27. Bxc1 Qb5 28. Bd3 Qxb4 29. Qxb4 Bxb4 30. Be3 Nd7 31. Bb5 Nc5 32.
Rd1 Kf8 33. Rd4 Ba5 34. Bf4 Bc6 35. Bxc6 Rxc6 36. Rd8+ Ke7 37. Rg8 Nd7 38.
Bg5+ Kd6 1/2-1/2

[Event "60th ch-RUS Higher League"]
[Site "Krasnoyarsk RUS"]
[Date "2007.09.05"]
[Round "3"]
[White "Kurnosov,I"]
[Black "Anisimov,P"]
[Result "1-0"]
[WhiteElo "2579"]
[BlackElo "2482"]
[EventDate "2007.09.03"]

1. e4 c5 2. Nf3 d6 3. d4 cxd4 4. Nxd4 Nf6 5. Nc3 a6 6. Bg5 e6 7. f4 Qb6 8.
Qd2 Nc6 9. Bxf6 gxf6 10. Nb3 Bd7 11. Be2 h5 12. O-O-O O-O-O 13. Rhf1 Be7
14. Rf3 Kb8 15. Kb1 Rdg8 16. Bf1 Qc7 17. Rd3 h4 18. Qf2 Rh6 19. Na4 Rd8 20.
Nb6 Be8 21. Rc3 f5 22. exf5 Bf6 23. Rcd3 d5 24. Nc5 Nd4 25. Nba4 Bxa4 26.
Nxa4 Nxf5 27. Rb3 Rd6 28. Nc5 Bd4 29. Rxb7+ Qxb7 30. Rxd4 Qb6 31. Ra4 Kc8
32. Rxa6 Qb8 33. Ra5 Kd8 34. Rb5 Qc8 35. Nb7+ Ke7 36. Nxd6 Nxd6 37. Qa7+
Qd7 38. Qxd7+ Kxd7 39. Rb3 Ne4 40. Kc1 f6 41. a4 e5 42. a5 Nc5 43. Rb5 Ne6
44. fxe5 Nc7 45. Rb6 1-0

[Event "60th ch-RUS Higher League"]
[Site "Krasnoyarsk RUS"]
[Date "2007.09.05"]
[Round "3"]
[White "Pevzner,L"]
[Black "Gavrilov,Al1"]
[Result "1/2-1/2"]
[WhiteElo "2395"]
[BlackElo "2512"]
[EventDate "2007.09.03"]

1. c4 e5 2. Nc3 Nf6 3. Nf3 Nc6 4. g3 Nd4 5. Bg2 Nxf3+ 6. Bxf3 Bb4 7. Qc2
O-O 8. O-O Re8 9. d3 h6 10. a3 Bf8 11. b4 c6 12. e4 a5 13. b5 Bc5 14. Na4
Bd4 15. Bb2 Bxb2 16. Qxb2 d6 17. Bg2 cxb5 18. cxb5 Nd7 19. d4 Nb6 20. Nxb6
Qxb6 21. a4 Be6 22. Rfc1 f6 23. d5 Bd7 24. Qe2 Rac8 25. Bf3 f5 26. exf5
Bxf5 27. Bg4 Bxg4 28. Qxg4 Rc5 29. Rc4 Rf8 30. Ra2 Rc7 31. Qe4 Rcf7 32. Qe3
Qd8 33. Rac2 Qd7 34. Kg2 Rf6 35. Rd2 Qf7 36. b6 Rf3 37. Qe2 Qf5 38. Rc7 e4
39. Re7 Rd3 40. Rc2 e3 41. Rcc7 Qxf2+ 42. Qxf2 Rxf2+ 43. Kh3 Rxd5 44. Rxg7+
Kf8 45. Rh7 Rh5+ 46. Kg4 Rg5+ 47. Kh3 Kg8 48. Rhe7 Rh5+ 1/2-1/2

[Event "60th ch-RUS Higher League"]
[Site "Krasnoyarsk RUS"]
[Date "2007.09.06"]
[Round "4"]
[White "Amonatov,F"]
[Black "Vitiugov,N"]
[Result "1/2-1/2"]
[WhiteElo "2598"]
[BlackElo "2608"]
[EventDate "2007.09.03"]

1. e4 e6 2. d4 d5 3. Nc3 Nf6 4. Bg5 dxe4 5. Nxe4 Nbd7 6. Nf3 h6 7. Nxf6+
Nxf6 8. Be3 Nd5 9. Qd2 Bb4 10. c3 Bd6 11. Bd3 Qe7 12. O-O-O Bd7 13. Ne5 Ba4
14. Bc2 1/2-1/2

[Event "60th ch-RUS Higher League"]
[Site "Krasnoyarsk RUS"]
[Date "2007.09.06"]
[Round "4"]
[White "Voinov,A"]
[Black "Korotylev,A"]
[Result "0-1"]
[WhiteElo "2428"]
[BlackElo "2616"]
[EventDate "2007.09.03"]

1. Nf3 Nf6 2. g3 d5 3. Bg2 c6 4. O-O Bg4 5. d4 Nbd7 6. Nbd2 e6 7. Re1 Be7
8. e4 O-O 9. c3 Bh5 10. Qb3 Qc7 11. e5 Ne8 12. Nf1 Qb6 13. h3 Nc7 14. g4
Bg6 15. Ng3 c5 16. Qd1 cxd4 17. Nxd4 Bh4 18. Kh2 Nc5 19. f4 f6 20. exf6
Rxf6 21. f5 Bxg3+ 22. Kxg3 exf5 23. gxf5 Bxf5 24. Nxf5 Rxf5 25. Kh2 N7e6
26. Rf1 Rxf1 27. Qxf1 Rf8 28. Qe1 Ne4 29. c4 Qc7+ 30. Kg1 Qxc4 31. Be3 Nd4
32. b3 Ne2+ 33. Kh1 N4g3+ 34. Kh2 Qc7 35. Bg1 Nf1+ 0-1

[Event "60th ch-RUS Higher League"]
[Site "Krasnoyarsk RUS"]
[Date "2007.09.06"]
[Round "4"]
[White "Kokarev,Dm"]
[Black "Galkin,A"]
[Result "1/2-1/2"]
[WhiteElo "2551"]
[BlackElo "2608"]
[EventDate "2007.09.03"]

1. e4 c6 2. d4 d5 3. Nc3 dxe4 4. Nxe4 Nd7 5. Nf3 Ngf6 6. Nxf6+ Nxf6 7. c3
Bg4 8. h3 Bxf3 9. Qxf3 Qd5 10. Be2 Qxf3 11. Bxf3 e6 12. O-O Be7 13. a4 a5
14. Bf4 O-O 15. Rfe1 Rfd8 16. Kf1 h6 17. Red1 Nd5 18. Bd2 Rd7 19. g3 Kf8
20. h4 Rad8 21. Be1 Ke8 22. h5 Kf8 23. Rdc1 Bg5 24. Rc2 Be7 25. Rcc1
1/2-1/2

[Event "60th ch-RUS Higher League"]
[Site "Krasnoyarsk RUS"]
[Date "2007.09.06"]
[Round "4"]
[White "Romanov,E"]
[Black "Vorobiov,E"]
[Result "1/2-1/2"]
[WhiteElo "2521"]
[BlackElo "2572"]
[EventDate "2007.09.03"]

1. e4 c5 2. Nf3 d6 3. Bb5+ Nd7 4. d4 Ngf6 5. O-O cxd4 6. Qxd4 a6 7. Bxd7+
Bxd7 8. Bg5 e6 9. Nc3 Be7 10. e5 dxe5 11. Nxe5 Rc8 12. Rad1 Bc6 13. Qh4 Qa5
14. Rfe1 Qb4 15. Nxc6 Qxh4 16. Bxh4 1/2-1/2

[Event "60th ch-RUS Higher League"]
[Site "Krasnoyarsk RUS"]
[Date "2007.09.06"]
[Round "4"]
[White "Kabanov,N"]
[Black "Kornev,Alexei"]
[Result "1/2-1/2"]
[WhiteElo "2509"]
[BlackElo "2567"]
[EventDate "2007.09.03"]

1. e4 c5 2. Nf3 e6 3. c4 a6 4. Nc3 Qc7 5. d4 cxd4 6. Nxd4 Nf6 7. Be2 Bb4 8.
Qd3 b6 9. O-O Bb7 10. f3 O-O 11. Kh1 Nc6 12. Nxc6 Bxc6 13. Be3 Bc5 14. Rac1
Rab8 15. a3 Qd6 16. Bg5 h6 17. Bd2 Qxd3 18. Bxd3 a5 19. Ne2 a4 20. Bc3 d6
21. Nd4 Bd7 22. Rfd1 Rfc8 23. g4 Kf8 24. Kg2 Ke7 25. h4 Ra8 26. Rc2 Ra7 27.
Re2 Ne8 28. h5 Rb7 29. Red2 Nc7 30. Kg3 f6 31. Kg2 Be8 32. Bf1 Rd8 33. Nc2
Na6 34. Nb4 Ra8 35. Be2 Nc7 36. Bf1 e5 37. Nc2 Ne6 38. Kg3 Rc8 39. Re1 Bf7
40. Ne3 Bxe3 41. Rxe3 Nc5 42. Bb4 Rbc7 43. Be2 Nb7 44. Bd1 Ra8 45. Red3 Rc6
46. b3 axb3 47. Bxb3 Nc5 48. Re3 Nxb3 49. Rxb3 Bxc4 50. Rb1 b5 51. Rbd1 Rd8
52. Rc1 Ke6 53. f4 exf4+ 54. Kxf4 Rd7 55. Rd4 Ra7 56. Rcd1 Raa6 57. R1d2
Rab6 1/2-1/2

[Event "60th ch-RUS Higher League"]
[Site "Krasnoyarsk RUS"]
[Date "2007.09.06"]
[Round "4"]
[White "Kobalia,M"]
[Black "Makarov,M"]
[Result "1/2-1/2"]
[WhiteElo "2634"]
[BlackElo "2518"]
[EventDate "2007.09.03"]

1. e4 c5 2. Nf3 d6 3. Bc4 Nf6 4. d3 g6 5. O-O Nc6 6. c3 Bg7 7. Bb3 O-O 8.
h3 b5 9. Re1 a5 10. a3 a4 11. Bc2 e5 12. Be3 Qc7 13. d4 Na5 14. Nbd2 Bb7
15. d5 c4 16. Nf1 Nb3 17. Rb1 Kh8 18. g4 Rae8 19. Ng3 Bc8 20. Nh2 Qd8 21.
Kg2 Ng8 22. f4 exf4 23. Bxf4 Ne7 24. Rf1 f5 25. gxf5 gxf5 26. Qh5 Nc5 27.
Bg5 Qd7 28. Nxf5 Nxf5 29. exf5 Qf7 30. Qxf7 Rxf7 31. Rbe1 Rg8 32. Ng4 h5
33. Re7 Bb7 34. Rxf7 Bxd5+ 35. Kh2 Bxf7 36. Nf6 Rc8 37. Rd1 Bf8 38. Kg3 Nd3
39. Bxd3 cxd3 40. Rxd3 Rc5 41. Rf3 Bg7 42. Ne4 Rd5 43. Bf4 Rxf5 44. Nxd6
Rf6 45. Be5 h4+ 46. Kf2 Rxf3+ 47. Kxf3 Be6 48. Bf4 Bxh3 49. Bg5 Bd7 50.
Bxh4 Bh6 51. Bg5 Bxg5 52. Nf7+ Kg7 53. Nxg5 Kf6 54. Kf4 Bc6 55. Ne4+ Ke6
56. Nd2 Bb7 57. Nf1 Bg2 58. Ne3 Bc6 59. Nc2 Be8 60. Ne3 Bc6 61. Nf1 Bg2 62.
Nd2 Bb7 63. Ke3 Kd5 64. Kd3 Bc8 65. c4+ bxc4+ 66. Kc3 Kc5 67. Ne4+ Kd5 68.
Nd2 Kc5 69. Nxc4 Be6 70. Ne5 Bf5 71. Nf3 Bd7 72. Nh4 Be6 73. Ng6 Bd7 74.
Ne7 Be6 75. Ng6 Bd7 76. Nh4 Be6 77. Nf3 Bd7 1/2-1/2

[Event "60th ch-RUS Higher League"]
[Site "Krasnoyarsk RUS"]
[Date "2007.09.06"]
[Round "4"]
[White "Anisimov,P"]
[Black "Belov,Vl"]
[Result "0-1"]
[WhiteElo "2482"]
[BlackElo "2590"]
[EventDate "2007.09.03"]

1. e4 c5 2. Nf3 d6 3. d4 cxd4 4. Nxd4 Nf6 5. Nc3 a6 6. Be3 Ng4 7. Bc1 Nf6
8. Be3 Ng4 9. Bc1 Nc6 10. Be2 Nf6 11. f4 e6 12. Be3 Be7 13. Qd2 O-O 14.
O-O-O Nd7 15. g4 Nxd4 16. Qxd4 b5 17. g5 Rb8 18. Rhg1 Qa5 19. b3 Nc5 20. e5
d5 21. b4 Qa3+ 22. Kd2 Ne4+ 23. Nxe4 dxe4 24. Ke1 Bb7 25. Kf2 Bxb4 26. Rg3
Qa5 27. c4 Rbd8 28. Qa1 Rxd1 29. Qxd1 Rd8 30. Qb1 bxc4 31. Bxc4 Bd5 32. a3
Bc5 33. Be2 Qxa3 34. Qc2 Bxe3+ 35. Rxe3 Qa1 36. Qc7 Ra8 37. Rc3 e3+ 38.
Kxe3 Qg1+ 39. Kd3 g6 40. Qd7 Qb1+ 41. Kd2 Qb2+ 42. Rc2 Qb4+ 0-1

[Event "60th ch-RUS Higher League"]
[Site "Krasnoyarsk RUS"]
[Date "2007.09.06"]
[Round "4"]
[White "Kostin,Alexe"]
[Black "Popov,Val"]
[Result "1/2-1/2"]
[WhiteElo "2434"]
[BlackElo "2577"]
[EventDate "2007.09.03"]

1. e4 e6 2. d4 d5 3. exd5 exd5 4. Bd3 c5 5. dxc5 Bxc5 6. Nf3 Ne7 7. Nbd2
Nbc6 8. Nb3 Bb6 9. c3 O-O 10. O-O Ng6 11. Re1 Re8 12. Bg5 f6 13. Rxe8+ Qxe8
14. Bxg6 hxg6 15. Bf4 g5 16. Bg3 Be6 17. Qd3 Bf7 18. Re1 Qf8 19. Nfd4 Re8
20. Rxe8 Qxe8 21. Nf5 Ne5 22. Bxe5 Qxe5 23. Nfd4 Bg6 24. Qd1 Bh5 25. Qd3
Bg6 26. Qd1 Bh5 27. Qd3 a6 28. g3 Bg4 29. Kg2 Bd7 30. Nd2 g4 31. Nf1 Kf7
32. Ne3 g6 33. Kg1 f5 34. Ne2 Bxe3 35. Qxe3 Qxe3 36. fxe3 g5 37. Nd4 Kf6
38. Kf2 Ke5 39. Ke2 Ke4 40. Kd2 Bc8 41. Ke2 Bd7 42. a3 Ke5 43. Nb3 Ba4 44.
Nd4 b6 45. Kd3 Be8 46. Kd2 Bd7 47. Kd3 f4 48. exf4+ gxf4 49. gxf4+ Kxf4 50.
b4 Be8 51. Ke2 Ke4 52. Kd2 Ba4 53. Ne6 Kf3 54. Kd3 Kg2 55. Nf4+ Kxh2 56.
Nxd5 g3 57. Nf4 g2 58. Nxg2 Kxg2 59. c4 Kf2 60. c5 bxc5 61. Ke4 1/2-1/2

[Event "60th ch-RUS Higher League"]
[Site "Krasnoyarsk RUS"]
[Date "2007.09.06"]
[Round "4"]
[White "Lintchevski,D"]
[Black "Ovetchkin,R"]
[Result "1/2-1/2"]
[WhiteElo "2451"]
[BlackElo "2557"]
[EventDate "2007.09.03"]

1. e4 c6 2. d4 d5 3. e5 Bf5 4. Nf3 e6 5. Be2 Nd7 6. O-O h6 7. c3 Bh7 8.
Nbd2 Ne7 9. Ne1 c5 10. Ndf3 c4 11. b3 b5 12. a4 a6 13. b4 a5 14. Ba3 bxa4
15. b5 Nc8 16. Nc2 Bxa3 17. Nxa3 O-O 18. Qd2 f6 19. exf6 Qxf6 20. Qe3 Ncb6
21. Ne5 Qf4 22. Qxf4 Rxf4 23. Nxd7 Nxd7 24. g3 Rff8 25. f4 Nf6 26. Rac1
Rab8 27. Bd1 Bd3 28. Rf3 Ne4 29. Bxa4 g5 30. Bc2 gxf4 31. Bxd3 cxd3 32.
Rxd3 Nd6 33. Rb1 Rb7 34. Rf3 fxg3 35. Rxf8+ Kxf8 36. hxg3 Ke7 37. Kg2 Kd7
38. Kh3 Rc7 39. b6 Rb7 40. Kg4 Kc6 41. Kh5 Rg7 42. g4 Rg5+ 43. Kh4 Kb7 44.
Nc2 Ne4 45. Rb3 Nd2 46. Rb5 Nc4 47. Ne1 Rg8 48. Nd3 a4 49. Nc5+ Kc6 50. Rb4
Nxb6 51. Nxa4 Nc4 52. Nc5 e5 53. Ra4 e4 54. Ra2 Kb5 55. Nd7 Rd8 56. Nf6 Rd6
57. Ne8 Rc6 58. Re2 Nb6 59. Ng7 Na4 60. Nf5 Nxc3 61. Re3 Kc4 62. Kh5 Nb5
63. Nxh6 Kxd4 64. Re1 Nc7 65. g5 Ne6 66. Rd1+ Ke3 67. Kg4 Rc5 68. Nf5+ Ke2
69. Ra1 d4 70. Ra6 Rxf5 71. Kxf5 Nxg5 72. Kxg5 d3 73. Kf4 d2 74. Rd6 e3 75.
Rd8 d1=Q 76. Rxd1 1/2-1/2

[Event "60th ch-RUS Higher League"]
[Site "Krasnoyarsk RUS"]
[Date "2007.09.06"]
[Round "4"]
[White "Chuprov,D"]
[Black "Nechepurenko,R"]
[Result "1-0"]
[WhiteElo "2554"]
[BlackElo "2510"]
[EventDate "2007.09.03"]

1. e4 c5 2. Nf3 d6 3. Bc4 e6 4. Qe2 Nc6 5. c3 Nf6 6. Bb3 Qb6 7. O-O Be7 8.
d3 O-O 9. Re1 Re8 10. Nbd2 Qc7 11. Nf1 a6 12. Ng3 Bd7 13. a3 Na5 14. Ba2
Ba4 15. Nd2 Rac8 16. b3 Bd7 17. Bb2 Bf8 18. b4 Nc6 19. Nf3 b5 20. d4 e5 21.
bxc5 dxc5 22. d5 Na5 23. c4 Rb8 24. Nd2 Rb6 25. Rac1 b4 26. h3 Nb7 27. Bb3
g6 28. Qe3 a5 29. a4 Bg7 30. Rf1 Re7 31. Nf3 Ne8 32. Ne1 Rf6 33. Ne2 Ned6
34. Nd3 Nc8 35. f4 exf4 36. Nexf4 Rf5 37. Bxg7 Kxg7 38. Qg3 Rxf4 39. Rxf4
f6 40. Qf2 Ncd6 41. Re1 Ne8 42. Rf1 Qd6 43. e5 fxe5 44. Rf7+ Rxf7 45. Qxf7+
Kh6 46. Re1 Nf6 47. Nxe5 Nd8 48. Bc2 Bf5 49. Bxf5 gxf5 50. g4 fxg4 51.
Qxf6+ Qxf6 52. Nxg4+ Kg6 53. Nxf6 Kxf6 54. Kf2 Nf7 55. Re6+ Kf5 56. Ra6 Ke4
57. d6 Kd3 58. d7 b3 59. Rxa5 Kxc4 60. Rb5 Kc3 61. a5 1-0

[Event "60th ch-RUS Higher League"]
[Site "Krasnoyarsk RUS"]
[Date "2007.09.06"]
[Round "4"]
[White "Kremenietsky,AnM"]
[Black "Kryakvin,D"]
[Result "1/2-1/2"]
[WhiteElo "2353"]
[BlackElo "2554"]
[EventDate "2007.09.03"]

1. d4 Nf6 2. c4 g6 3. Nf3 Bg7 4. Nc3 O-O 5. g3 d6 6. Bg2 Nbd7 7. O-O e5 8.
Qc2 exd4 9. Nxd4 Nb6 10. Rd1 Nxc4 11. Ncb5 a6 12. Qxc4 axb5 13. Nxb5 Ne8
14. Qb4 Bd7 15. a4 Bc6 16. e4 Qd7 17. Be3 Nf6 18. e5 Ng4 19. e6 Qxe6 20.
Nxc7 Qf5 21. Bxc6 bxc6 22. Nxa8 Qh5 23. Qe4 Qxh2+ 24. Kf1 Nxe3+ 25. Qxe3
Qh1+ 26. Ke2 Qh5+ 27. Kf1 Qh1+ 28. Ke2 Qh5+ 29. Kd2 Rxa8 30. Kc2 Rb8 31.
Ra2 Bxb2 32. Rxb2 Rxb2+ 33. Kxb2 Qxd1 34. Qe8+ Kg7 35. Qxc6 d5 36. Qc2 Qg4
37. Kb3 d4 38. Qd3 Qe6+ 39. Kb4 Qb6+ 40. Kc4 Qa6+ 41. Kxd4 Qxa4+ 42. Ke3 h5
43. f4 Qb4 44. Kf3 Qb2 45. Qd5 Qf6 46. Qc5 Qe6 47. Qd4+ Kh7 48. Kf2 Qf5 49.
Kg2 Qg4 50. Kf2 Qh3 51. Qf6 Qh2+ 52. Kf3 Qh1+ 53. Kf2 Qd5 54. Qc3 Qe4 55.
Qf6 Kg8 56. Qd8+ Kg7 57. Qd6 Qe6 58. Qd4+ Qf6 59. Qc5 g5 60. Kg2 gxf4 61.
Qxh5 fxg3 62. Kxg3 Qc3+ 63. Kf2 Qd2+ 64. Kf1 Qf4+ 65. Ke2 Kf6 66. Qh8+ Kf5
67. Qh5+ Ke4 68. Qh1+ Ke5 69. Qh8+ Qf6 70. Qh2+ Ke6 71. Qh3+ Qf5 72. Qh6+
Ke5 73. Qh8+ Ke6 74. Qh6+ Kd7 75. Qh8 Qf4 76. Qh3+ Kd6 77. Qc8 Ke7 78. Qh8
Qf6 79. Qa8 Qe5+ 80. Kf2 Qh2+ 81. Ke3 Qh6+ 82. Kf2 Kf6 83. Kg3 Qe3+ 84. Kg4
Qe2+ 85. Kf4 Qc4+ 86. Kg3 Ke6 87. Qe8+ Kf5 88. Qd7+ Qe6 89. Qd3+ Kf6 90.
Qd8+ Kf5 91. Qd3+ Kg5 92. Qd2+ Kg6 93. Qd3+ Qf5 94. Qd6+ Kh5 95. Qd1+ Kh6
96. Qd4 Qg5+ 97. Kf3 Kg6 98. Qd6+ Kg7 99. Qd4+ Kf8 100. Qd6+ Kg8 101. Qd4
1/2-1/2

[Event "60th ch-RUS Higher League"]
[Site "Krasnoyarsk RUS"]
[Date "2007.09.06"]
[Round "4"]
[White "Petrukhin,D"]
[Black "Iskusnyh,S"]
[Result "1/2-1/2"]
[WhiteElo "2412"]
[BlackElo "2488"]
[EventDate "2007.09.03"]

1. e4 c5 2. Nc3 a6 3. Nge2 d6 4. g3 b5 5. Bg2 Bb7 6. O-O e6 7. d3 Nf6 8. h3
b4 9. Nb1 d5 10. Nd2 Nbd7 11. g4 Qc7 12. Ng3 Bd6 13. Qe1 Bf4 14. Nb3 Bxc1
15. Rxc1 dxe4 16. dxe4 h6 17. c3 Qb6 18. Qe3 a5 19. cxb4 axb4 20. Nxc5 Nxc5
21. Qxc5 Qxc5 22. Rxc5 O-O 23. Ra1 Rfb8 24. Rb5 Bc6 25. Rxb8+ Rxb8 26. Rc1
Bb5 27. Bf1 g6 28. f3 Nd7 29. f4 Bxf1 30. Kxf1 Ra8 31. Rc7 Nf6 32. Rb7 Rxa2
33. Rxb4 Ra1+ 34. Kf2 Rd1 35. Ke3 Rg1 36. Kf2 Rd1 37. Ne2 Rd3 38. Ng1 Kg7
39. Ke2 Rg3 40. Kf2 Rd3 41. Nf3 Rd1 42. Ne5 Nd7 43. Ke2 Rd6 44. Nxd7 Rxd7
45. Rc4 Ra7 46. b4 g5 47. f5 exf5 48. exf5 Ra3 49. Kd2 Rxh3 50. Kc2 h5 51.
gxh5 Rxh5 52. b5 Kf6 53. b6 Rh8 54. Rc5 g4 55. Kd3 Rh3+ 56. Kc4 Rh8 57. Kb5
g3 58. b7 g2 59. Rc1 Kxf5 60. Rg1 Ke4 61. Rxg2 f5 62. Rc2 Rb8 63. Kb6 f4
1/2-1/2

[Event "60th ch-RUS Higher League"]
[Site "Krasnoyarsk RUS"]
[Date "2007.09.08"]
[Round "5"]
[White "Grigoriants,S RUS"]
[Black "Kiselev,G"]
[Result "1-0"]
[WhiteElo "2591"]
[BlackElo "2434"]
[EventDate "2007.09.03"]

1. e4 e5 2. Nf3 Nc6 3. Bb5 a6 4. Ba4 Nf6 5. O-O Be7 6. Re1 b5 7. Bb3 d6 8.
c3 O-O 9. h3 Na5 10. Bc2 c5 11. d4 Bb7 12. d5 Nc4 13. b3 Nb6 14. a4 Qc7 15.
Nbd2 c4 16. b4 a5 17. Ba3 Nbxd5 18. exd5 Nxd5 19. bxa5 Nxc3 20. Bxh7+ Kxh7
21. Qc2+ e4 22. Qxc3 b4 23. Bxb4 exf3 24. Qxc4 Qxc4 25. Nxc4 Bf6 26. Rab1
Rfd8 27. Nxd6 Bd5 28. Rbd1 Be6 29. Ne4 Kg6 30. Nxf6 Kxf6 31. Rxd8 Rxd8 32.
g4 Kg6 33. Bc3 Bc4 34. Kh2 Be2 35. Rb1 Rc8 36. Rb6+ f6 37. Bb4 Rc7 38. Kg3
Ra7 39. Rd6 Kf7 40. h4 Rc7 41. Rb6 Kg8 42. g5 fxg5 43. hxg5 Kf7 44. a6 Ke8
45. Rb7 1-0

[Event "60th ch-RUS Higher League"]
[Site "Krasnoyarsk RUS"]
[Date "2007.09.08"]
[Round "5"]
[White "Galkin,A"]
[Black "Maletin,P"]
[Result "1/2-1/2"]
[WhiteElo "2608"]
[BlackElo "2567"]
[EventDate "2007.09.03"]

1. e4 c5 2. Nf3 Nc6 3. d4 cxd4 4. Nxd4 g6 5. c4 Nf6 6. Nc3 d6 7. Be2 Nxd4
8. Qxd4 Bg7 9. Bg5 O-O 10. Qd2 a5 11. Rd1 Be6 12. b3 a4 13. Bxf6 Bxf6 14.
Nxa4 Bd7 15. Nc3 Bxc3 16. Qxc3 Rxa2 17. Bd3 Qb6 18. O-O Rfa8 19. Bb1 R2a3
20. Bc2 Qa5 21. Qxa5 R3xa5 22. f3 Ra2 23. Rf2 Be6 24. Bd3 Rxf2 25. Kxf2
Ra2+ 26. Kf1 g5 27. Rc1 Rd2 28. Be2 Rb2 29. Bd1 f5 30. Bc2 fxe4 31. fxe4
Kg7 32. Ke1 Ra2 33. Kd2 g4 34. Kc3 Ra5 35. Bd1 Kf6 36. g3 Ke5 37. Bc2 Rc5
38. Ra1 b5 39. Ra5 bxc4 40. Rxc5+ dxc5 41. bxc4 Bd7 42. Kd3 Bc6 43. Ke3 h5
44. Bb1 Ba4 45. Kd3 Bb3 46. Kc3 Bd1 47. Kd3 Bb3 48. Kc3 Ba4 49. Kd3 Kd6 50.
Bc2 Bc6 51. Ke3 e5 1/2-1/2

[Event "60th ch-RUS Higher League"]
[Site "Krasnoyarsk RUS"]
[Date "2007.09.08"]
[Round "5"]
[White "Kurnosov,I"]
[Black "Romanov,E"]
[Result "1/2-1/2"]
[WhiteElo "2579"]
[BlackElo "2521"]
[EventDate "2007.09.03"]

1. e4 e5 2. Nf3 Nc6 3. d4 exd4 4. Nxd4 Bc5 5. Nxc6 Qf6 6. Qf3 dxc6 7. Bc4
Ne7 8. Qxf6 gxf6 9. Bf4 Bb6 10. Nd2 Ng6 11. Bg3 h5 12. h4 Ne5 13. Bb3 Rg8
14. Nc4 Nxc4 15. Bxc4 Be6 16. Be2 Bg4 17. Bf4 O-O-O 18. Bxg4+ Rxg4 19. g3
Rgg8 20. Ke2 Rge8 21. Kf3 Re6 22. Rae1 Rde8 23. Re2 Bd4 24. c3 Be5 25. g4
hxg4+ 26. Kxg4 Rg8+ 27. Kf5 Bxf4 28. Kxf4 Rh8 29. f3 Re5 30. Rg2 Kd7 31.
Rd1+ Ke6 32. Rg4 a5 33. a4 Rc5 34. Kg3 Rc4 35. Rd4 Rc5 36. Rd1 Rc4 37. Rd4
Rc5 38. f4 Rch5 39. f5+ Ke7 40. Rf4 Rg8+ 41. Rg4 Rb8 42. Rc4 Rd8 43. Rc5
Ra8 44. Rc4 1/2-1/2

[Event "60th ch-RUS Higher League"]
[Site "Krasnoyarsk RUS"]
[Date "2007.09.08"]
[Round "5"]
[White "Vorobiov,E"]
[Black "Kabanov,N"]
[Result "1/2-1/2"]
[WhiteElo "2572"]
[BlackElo "2509"]
[EventDate "2007.09.03"]

1. e4 e5 2. Nf3 Nc6 3. Bc4 Nf6 4. d3 Bc5 5. c3 a6 6. Nbd2 O-O 7. O-O d6 8.
Bb3 Ba7 9. Re1 Be6 10. h3 Bxb3 11. Qxb3 Rb8 12. Nf1 Nd7 13. Ng3 Nc5 14. Qc2
d5 15. Be3 dxe4 16. dxe4 Qd3 17. Re2 Rbd8 18. b4 Qxc2 19. Rxc2 Nd3 20. Rd2
Nf4 21. Rxd8 Rxd8 22. Bxa7 Nxa7 23. Nxe5 f6 24. Nf3 Rd3 25. c4 Nc6 26. b5
Na5 27. bxa6 bxa6 28. c5 Nb7 29. Rc1 Nxh3+ 30. gxh3 Rxf3 31. Kg2 Ra3 32.
Rc2 g6 33. Nf1 Ra5 34. c6 Nd6 35. f3 f5 36. Ng3 fxe4 37. Nxe4 Nf5 38. Rd2
Ne7 39. Rd7 Kf8 40. Rxc7 Rxa2+ 41. Kg3 Rc2 42. Nf6 h6 43. Nd7+ Kf7 44. Ra7
Nxc6 45. Rxa6 Ke7 46. Nb6 Kd6 47. Nc8+ Ke5 48. Nb6 Kd6 49. Nc8+ Ke5 50. Nb6
Nd4 51. Nd7+ Kf5 52. Ra5+ Ke6 53. Nc5+ Ke7 54. Ra7+ Kf8 55. Nd7+ Kf7 56.
Ne5+ Ke6 57. Kf4 g5+ 58. Ke4 Nb5 59. Ra6+ Nd6+ 60. Kd3 Rc1 61. Ng4 h5 62.
Nf2 Ke5 63. Kd2 Rb1 64. f4+ gxf4 65. Nd3+ Ke6 66. Nxf4+ Kf5 67. Nxh5 Ne4+
68. Kc2 Rf1 69. Ra5+ Kg6 70. Kd3 Ng5 71. Ke2 Rf7 72. Ng3 1/2-1/2

[Event "60th ch-RUS Higher League"]
[Site "Krasnoyarsk RUS"]
[Date "2007.09.08"]
[Round "5"]
[White "Gavrilov,Al1"]
[Black "Kobalia,M"]
[Result "0-1"]
[WhiteElo "2512"]
[BlackElo "2634"]
[EventDate "2007.09.03"]

1. d4 Nf6 2. c4 e6 3. Nf3 d5 4. e3 a6 5. b3 c5 6. cxd5 exd5 7. Be2 b6 8.
O-O Bd6 9. Bb2 Bb7 10. Nc3 O-O 11. Rc1 Nbd7 12. Bd3 Re8 13. Ne2 Bf8 14. Bf5
Ne4 15. Nf4 Ndf6 16. dxc5 bxc5 17. Qc2 Bd6 18. Ne2 Qe7 19. Ng3 a5 20. Rfd1
Nxg3 21. hxg3 Ne4 22. Bxe4 Qxe4 23. Qxe4 Rxe4 24. Ba3 Rc8 25. Rd2 Re7 26.
Ne1 Rec7 27. Nd3 Bf8 28. Nf4 Rd7 29. Rcd1 Rcd8 30. Rc1 Rc8 31. Rcd1 d4 32.
exd4 Rxd4 33. Rxd4 cxd4 34. Bxf8 Kxf8 35. Rd2 Rd8 36. f3 Ba6 37. Kf2 Ke7
38. Ne2 d3 39. Nc3 Kd6 40. Ke3 Kc5 41. a3 Re8+ 42. Ne4+ Kd5 43. g4 g6 44.
g5 h6 45. Kf2 Rh8 46. b4 Kd4 47. bxa5 hxg5 48. Rb2 Rc8 49. Rb4+ Ke5 50. Ke3
Rc1 51. Rb6 Bc4 52. a6 Re1+ 53. Kd2 Re2+ 54. Kd1 Ra2 55. Nd6 Bd5 56. a7
Rxa3 57. Nb5 Ra2 58. Nc3 Rxa7 59. Rb5 Kd4 60. Nxd5 Kc4 61. Rb6 Ra1+ 62. Kd2
Ra2+ 63. Kd1 Kxd5 64. Rb5+ Kd4 65. Rxg5 f6 0-1

[Event "60th ch-RUS Higher League"]
[Site "Krasnoyarsk RUS"]
[Date "2007.09.08"]
[Round "5"]
[White "Kryakvin,D"]
[Black "Lintchevski,D"]
[Result "1/2-1/2"]
[WhiteElo "2554"]
[BlackElo "2451"]
[EventDate "2007.09.03"]

1. e4 c5 2. Nf3 Nc6 3. d4 cxd4 4. Nxd4 Nf6 5. Nc3 e5 6. Ndb5 d6 7. Be3 a6
8. Na3 Be7 9. Nc4 b5 10. Nb6 Rb8 11. Nbd5 Ng4 12. Bd2 b4 13. Na4 Nf6 14.
Nxe7 Nxe7 15. Bd3 O-O 16. a3 a5 17. axb4 axb4 18. O-O Ng6 19. Qe1 Nh5 20.
f3 Ngf4 21. Kh1 b3 1/2-1/2

[Event "60th ch-RUS Higher League"]
[Site "Krasnoyarsk RUS"]
[Date "2007.09.08"]
[Round "5"]
[White "Nechepurenko,R"]
[Black "Anisimov,P"]
[Result "1-0"]
[WhiteElo "2510"]
[BlackElo "2482"]
[EventDate "2007.09.03"]

1. d4 Nf6 2. c4 e6 3. Nc3 Bb4 4. Qc2 O-O 5. a3 Bxc3+ 6. Qxc3 b6 7. Nf3 Bb7
8. e3 d6 9. Be2 Nbd7 10. O-O Qe7 11. b4 a5 12. Bb2 axb4 13. axb4 Rxa1 14.
Rxa1 Ra8 15. Rxa8+ Bxa8 16. Qa3 Qf8 17. Nd2 Bb7 18. f3 Qa8 19. Qxa8+ Bxa8
20. Kf2 c5 21. dxc5 dxc5 22. b5 Ne8 23. g4 f6 24. f4 Nd6 25. Bf3 Bxf3 26.
Kxf3 Kf7 27. Ke2 g5 28. Kd3 e5 29. Ne4 Nxe4 30. Kxe4 Ke6 31. Bc3 exf4 32.
exf4 gxf4 33. Kxf4 Nf8 34. Ke4 Ng6 35. Bb2 Ne7 36. Bc1 Nc8 37. Bf4 Ne7 38.
Bc7 Nc8 39. Kf4 Kd7 40. Bb8 Ke6 41. g5 Kf7 42. gxf6 Kxf6 43. Bc7 Ke6 44.
Kg5 Kf7 45. h4 Kg7 46. h5 Kf7 47. Kf5 Ke7 48. Bg3 Kf7 49. Ke5 Ke7 50. Kf5
Kf7 51. Bf4 Ke7 52. Ke5 Nd6 53. Kd5 Nb7 54. Bc7 1-0

[Event "60th ch-RUS Higher League"]
[Site "Krasnoyarsk RUS"]
[Date "2007.09.08"]
[Round "5"]
[White "Keosidi,K"]
[Black "Petrukhin,D"]
[Result "1/2-1/2"]
[WhiteElo "2409"]
[BlackElo "2412"]
[EventDate "2007.09.03"]

1. d4 Nf6 2. Nf3 g6 3. c4 Bg7 4. Nc3 O-O 5. Bg5 d6 6. e3 Nbd7 7. h3 e5 8.
Qc2 c6 9. Be2 Qc7 10. Bh4 Re8 11. Bg3 Qb6 12. O-O exd4 13. exd4 d5 14. Rad1
Nf8 15. cxd5 1/2-1/2